| 000 | 00886cam a2200133 4500500 | ||
|---|---|---|---|
| 005 | 20260405023104.0 | ||
| 041 | _afre | ||
| 042 | _adc | ||
| 100 | 1 | 0 |
_aBennassar, Bartolomé _eauthor |
| 245 | 0 | 0 | _aFranco |
| 260 |
_bPerrin,
_c2025. |
||
| 520 | _aLa biographie référente d'un dictateur énigmatique Qui était le général Franco ? Bartolomé Bennassar analyse l'étonnant destin du Caudillo en deux volets : d'une part l'histoire d'une vie au fil de la chronologie, d'autre part les clefs pour comprendre l'homme : les frustrations de la jeunesse ; la " baraka " ; le culte du moi ; le sens de la manipulation des hommes ; la passion du pouvoir pour le pouvoir... Autant d'indices qui permettent la compréhension de ce règne implacable qui aura duré trente-six ans. | ||
| 856 | 4 | 1 | _uhttps://shs.cairn.info/franco--9782262112431?lang=fr&redirect-ssocas=7080 |
| 999 |
_c2136840 _d2136839 |
||